[Event "ROM-chT U16"]
[Site "Iasi"]
[Date "2018.07.16"]
[Round "4.3"]
[White "Antal, Hunor Zoltan"]
[Black "Popa, Marius Ionut"]
[Result "1-0"]
[WhiteElo "1845"]
[BlackElo "1207"]
[PlyCount "97"]
[EventDate "2018.07.13"]
[EventType "team-swiss"]
[EventRounds "7"]
[EventCountry "ROU"]
[SourceTitle "EXT 2019"]
[Source "ChessBase"]
[SourceDate "2018.10.10"]
[SourceVersion "1"]
[SourceVersionDate "2018.10.10"]
[SourceQuality "1"]
[WhiteTeam "Constanta Palatul Copiilor"]
[BlackTeam "Galati CC II"]
[WhiteTeamCountry "ROU"]
[BlackTeamCountry "ROU"]

1. d4 d5 2. c4 e6 3. Nc3 Be7 4. Nf3 Nf6 5. Bf4 c6 6. e3 0-0 7. cxd5 exd5 8. Bd3 Bg4 9. 0-0 Nbd7 10. h3 Bh5 11. a3 Re8 12. b4 Nb6 13. Qe2 Bd6 14. Bxd6 Qxd6 15. b5 Ne4 16. Rfc1 Bxf3 17. Qxf3 Nd2 18. Qd1 Ne4 19. Bxe4 dxe4 20. Qb3 Nd5 21. bxc6 bxc6 22. Na4 Rab8 23. Qc2 Rbc8 24. Nc5 Nf6 25. Rab1 Rc7 26. Rb3 h6 27. Rcb1 Ree7 28. Rb8+ Kh7 29. Ra8 g6 30. Rbb8 Qd5 31. Na6 Rb7 32. Nb4 Qb5 33. Rxb7 Rxb7 34. Qxc6 Qxc6 35. Nxc6 Nd5 36. Rxa7 Rxa7 37. Nxa7 Nb6 38. Nb5 Kg7 39. Kf1 Kf6 40. Nd6 Ke6 41. Nxe4 f5 42. Nc5+ Kd6 43. a4 Kc6 44. a5 Na8 45. Ke2 g5 46. Kf3 h5 47. g4 hxg4+ 48. hxg4 fxg4+ 49. Kxg4 1-0